Catalogue de la Bibliothèque de l'ENSA

L'application de la recherche-action participative à l'adaptation aux changements climatiques en Afrique (notice nᵒ 26663)

détails MARC
000 -LEADER
fixed length control field 00676nam a2200169zi 4500
005 - DATE AND TIME OF LATEST TRANSACTION
control field 20171206093203.0
037 ## - SOURCE D'ACQUISITION
Cote BC_1424 66/A$ER_12.109
Forme de support Broché
040 ## - SOURCE DU CATALOGAGE
Origine cataloguage BC-ENSA
Langue du catalogage fre
041 ## - CODE DE LANGUE
Langue Français
Langue du résumé Français
100 ## - VEDETTE PRINCIPALE - AUTEUR PRINCIPAL
Auteur GERMAN, Laura A.
245 ## - MENTION DU TITRE
Titre L'application de la recherche-action participative à l'adaptation aux changements climatiques en Afrique
Complément de titre manuel de référence
260 ## - PUBLICATION, DIFFUSION, ETC. (ADRESSE BIBLIOGRAPHIQUE)
Lieu d'édition Ottawa
Nom de l'éditeur CRDI
Année d'édition 2012
300 ## - DESCRIPTION MATÉRIELLE
Illustration couv ill. en coul., ill.
Nombre de pages 97 p.
Format 30 cm
562 ## - NOTE D'IDENTIFICATION DES EXEMPLAIRES ET VERSIONS
Numbre d' exemplaire 01 exemplaire(s)
942 ## - ADDED ENTRY ELEMENTS (KOHA)
Type document Ouvrage
653 ## - DESCRIPTEUR LIBRE
Mots clés libres CHANGEMENT CLIMATIQUE/RECHERCHE/ECOSYSTEME/SECURITE ALIMENTAIRE/CROISSANCE ECONOMIQUE/ADAPTATION
Exemplaires
statut de retrait Statut emplacement permanent Localisation actuelle Cote code à barre Koha type d'élément
    Bibliothèque Centrale Bibliothèque Centrale BC_1424 66/A BC_1424 66/A Ouvrage
    Département d' Economie Rurale Département d' Economie Rurale ER_12.109 ER_12.109 Ouvrage

Adresse: Ecole Nationale Supérieure Agronomique Hassen Badi - El Harrach Alger, Algérie

Tél +213 (0) 23 82 85 07+213 (0) 23 82 85 12 Fax +213 23 82 85 03/04 Courriel: bibliotheque@edu.ensa.dz